The human direction ; an evolutionary approach to social and cultural anthropology /

Bibliographic Details
Main Author: Peacock, James L.
Other Authors: Kirsch, A. Thomas
Format: Book
Language:English
Published: New York : Appleton-Century-Crofts, [1973]
Edition:2d ed.
Subjects:

MARC

Tag First Indicator Second Indicator Subfields
LEADER 00000cam a2200000 4500
001 in00000013105
005 20151007052327.0
008 730516s1973 nyu b 00110 eng
010 |a  72014128  
020 |a 0390698857 
035 |a (OCoLC)00631934 
035 |9 AAA7315AM 
040 |a DLC  |c DLC  |d m.c.  |d TXA  |d UtOrBLW 
049 |a TXAM  |c [1149019] 
050 0 0 |a GN315  |b .P37 1973 
082 0 |a 301.2 
100 1 |a Peacock, James L. 
245 1 4 |a The human direction ;  |b an evolutionary approach to social and cultural anthropology /  |c [by] James L. Peacock [and] A. Thomas Kirsch. 
250 |a 2d ed. 
264 1 |a New York :  |b Appleton-Century-Crofts,  |c [1973] 
300 |a xvi, 351 pages ;  |c 21 cm. 
336 |a text  |b txt  |2 rdacontent 
337 |a unmediated  |b n  |2 rdamedia 
338 |a volume  |b nc  |2 rdacarrier 
504 |a Bibliography: pages 315-335. 
650 0 |a Ethnology. 
650 0 |a Social evolution. 
700 1 |a Kirsch, A. Thomas. 
999 |a MARS 
999 f f |s 9d6fb447-f6fe-39c0-8cf0-ca44462077a3  |i 0cd59384-939a-3552-9877-c9905d5735aa  |t 0 
952 f f |p ric  |a Texas A&M University  |b Rellis Campus  |c Joint Library Facility  |d Remote Storage  |t 0  |e GN315 .P37 1973  |h Library of Congress classification  |i unmediated -- volume  |m A14802422027 
998 f f |a GN315 .P37 1973  |t 0  |l Remote Storage